VII censo nacional : (Record no. 37738)
[ view plain ]
| 000 -CABECERA | |
|---|---|
| campo de control de longitud fija | 01037nam a2200241 a 4500 |
| 001 - NÚMERO DE CONTROL | |
| campo de control | 000038248 |
| 005 - FECHA Y HORA DE LA ÚLTIMA TRANSACCIÓN | |
| campo de control | 20250221073755.0 |
| 008 - DATOS DE LONGITUD FIJA--INFORMACIÓN GENERAL | |
| campo de control de longitud fija | 091209s1998 dr a 000 0 spa d |
| 040 ## - FUENTE DE LA CATALOGACIÓN | |
| Centro catalogador/agencia de origen | DO-SdBNP |
| Lengua de catalogación | spa |
| Centro/agencia transcriptor | BNPHU |
| 082 ## - NÚMERO DE LA CLASIFICACIÓN DECIMAL DEWEY | |
| Número de clasificación | 304.6097293 |
| Número de documento/Ítem | R426c, 1998 |
| 110 1# - ENTRADA PRINCIPAL--NOMBRE DE ENTIDAD CORPORATIVA | |
| Nombre de entidad corporativa o nombre de jurisdicción como elemento de entrada | República Dominicana . |
| Unidad subordinada | Secretariado Técnico de la Presidencia, |
| -- | Oficina Nacional de Estadística |
| 9 (RLIN) | 10866 |
| 245 10 - MENCIÓN DE TÍTULO | |
| Título | VII censo nacional : |
| Resto del título | resultados definitivos total país / |
| Mención de responsabilidad, etc. | presentación Maritza Rossi de Pérez. |
| 246 10 - FORMA VARIANTE DE TÍTULO | |
| Título propio/Titulo breve | Séptimo censo nacional : |
| Resto del título | resultados definitivos total país |
| 260 ## - PUBLICACIÓN, DISTRIBUCIÓN, ETC. | |
| Lugar de publicación, distribución, etc. | Santo Domingo : |
| Nombre del editor, distribuidor, etc. | ONE, |
| Fecha de publicación, distribución, etc. | 1998. |
| 300 ## - DESCRIPCIÓN FÍSICA | |
| Extensión | 2v. ; |
| Dimensiones | 28 cm. |
| 505 0# - NOTA DE CONTENIDO CON FORMATO | |
| Información miscelánea | v.1. |
| Título | Vivienda -- |
| Información miscelánea | v.2. |
| Título | Población |
| 590 ## - NOTA LOCAL (RLIN) | |
| Nota local | Inventariado, 2018/BT |
| 650 #4 - PUNTO DE ACCESO ADICIONAL DE MATERIA--TÉRMINO DE MATERIA | |
| Término de materia o nombre geográfico como elemento de entrada | Vivienda |
| Subdivisión geográfica | República Dominicana |
| Subdivisión de forma | ESTADÍSTICAS |
| 9 (RLIN) | 64616 |
| 651 #4 - PUNTO DE ACCESO ADICIONAL DE MATERIA--NOMBRE GEOGRÁFICO | |
| Nombre geográfico | República Dominicana |
| Subdivisión general | Población |
| Subdivisión de forma | ESTADÍSTICAS |
| 9 (RLIN) | 64617 |
| 700 1# - PUNTO DE ACCESO ADICIONAL--NOMBRE DE PERSONA | |
| Nombre de persona | Pérez, Maritza Rossi de |
| 9 (RLIN) | 64618 |
| 710 1# - PUNTO DE ACCESO ADICIONAL--NOMBRE DE ENTIDAD CORPORATIVA | |
| Nombre de entidad corporativa o nombre de jurisdicción como elemento de entrada | República Dominicana. |
| Unidad subordinada | Oficina Nacional de Estadística |
| 9 (RLIN) | 5775 |
| 910 ## - DATOS DE OPCIÓN DEL USUARIO (OCLC) | |
| Datos de opción del usuario | Validado. Control de calidad. MFF |
| Estado de retiro | Estado de pérdida | No para préstamo | Código de colección | Localización permanente | Ubicación/localización actual | Ubicación en estantería | Fecha de adquisición | Número de inventario | Total de préstamos | Signatura topográfica completa | Código de barras | Fecha visto por última vez | Precio válido a partir de | Tipo de ítem Koha | Nota pública | Restricciones de uso |
|---|---|---|---|---|---|---|---|---|---|---|---|---|---|---|---|---|
| Excluido de préstamo | Patrimonio Dominicano | General | General | Depósito | 05.04.2013 | LF1 | 304.6097293 R426c, 1998 | v.1 | 38248-10 | 25.06.2020 | 25.06.2020 | Libro y Folleto Colección Patrimonio Dominicano | |||||
| Excluido de préstamo | Patrimonio Dominicano | General | General | Depósito | 22.04.2015 | LF1 | 304.6097293 R426c, 1998 | v. 2 | 38248-20 | 25.06.2020 | 25.06.2020 | Libro y Folleto Colección Patrimonio Dominicano | Perteneció a la biblioteca personal de Erick Landestoy | ||||
| Patrimonio Dominicano | General | General | Depósito | 06.08.2018 | LF1 | 304.6097293 R426c, 1998 | v.2, e. 2 | 38248-30 | 25.06.2020 | 25.06.2020 | Libro y Folleto Colección Patrimonio Dominicano |
